000 00864nam a2200217 a 4500
003 0
005 20250208102012.0
008 130824s19uu xx 00 eng d
050 _aPHS BF 575
_b.B328 2013
100 _aBata, Patricia Del Rosario.
245 _aThe level of emotional stability of SISC students coming from different nationalities /
_cPatricia Del Rosario Bata.
260 _aLas PiƱas City, Philippines :
_bSouthville International School and Colleges,
_c2013.
300 _a47 pages :
_billustrations ;
_c28 cm.
504 _aIncludes bibliographical references.
650 _aEmotional stability
_vPsychological aspects.
650 _aPersonality
_vCross-cultural studies.
650 _aAdolescent personality.
650 _aHigh school students
_vPsychological aspects.
650 _aCultural influences on personality.
942 _2lcc
_cPASS
999 _c98952
_d98952